000
00266nam a22001217a 4500
003
OSt
008
250227b |||||||| |||| 00| 0 eng d
041
_a
eng
245
_a
Practical Matlab Application for Engineers
260
_c
2012.
300
_a
686p.
942
_c
BK
999
_c
19458
_d
19458